| 000 | 01025nam a2200349 a 4500 | ||
|---|---|---|---|
| 001 | vtls000002858 | ||
| 003 | NLI | ||
| 005 | 20210601180429.0 | ||
| 008 | 101125s1958 enka 001 0 eng | ||
| 020 | _cRs. 2.00 | ||
| 039 | 9 |
_y201011250009 _zVLOAD |
|
| 040 | 0 |
_aNLI _beng _cVERGIS-2003 |
|
| 044 | _aenk | ||
| 082 | 0 | 4 | _a610.7362 |
| 100 | 1 |
_aTodd, R. McL _q(Robert McLaren) _919193 |
|
| 245 | 1 | 0 |
_aChild health and paediatrics for nurses, heatlh visitors and social workers/ _cR. McL. Todd |
| 260 |
_aLondon: _bWilliam Heinemann Medical Books, _c1958 |
||
| 300 |
_a238 p.: _bill.; _c18cm. |
||
| 500 | _aIncludes index | ||
| 650 | 0 |
_aChildren _xHealth and hygiene _913764 |
|
| 650 | 0 |
_aChild care _93537 |
|
| 650 | 0 |
_aPaediatrics _919194 |
|
| 887 | _aA.Kannan | ||
| 901 |
_a331477 _b09/03/1960 |
||
| 902 | _aE 610.7362 T 566 | ||
| 903 | _a12/02/2004 | ||
| 904 | _aA.Kannan | ||
| 906 | _a000586 | ||
| 949 |
_AVIRTUAITEM _D10000 _F1 _X100 _6PUR000331477ENG _aE 610.7362 T566 |
||
| 942 |
_2ddc _cBKS |
||
| 999 |
_c8752 _d8752 |
||